000 00303nam a22001337a 4500
008 260428b ||||| |||| 00| 0 eng d
020 _a9789951846202
041 _aShqip
080 _a821.1
100 _a20
101 _aRoman
245 _aPa u Ftohur Kafeja
_cToshikazu Kawaguchi
942 _2udc
_cBK
999 _c61004
_d61004